<?xml version="1.0" encoding="UTF-8"?><?xml-stylesheet type="text/xsl" href="static/style.xsl"?><OAI-PMH xmlns="http://www.openarchives.org/OAI/2.0/" xmlns:xsi="http://www.w3.org/2001/XMLSchema-instance" xsi:schemaLocation="http://www.openarchives.org/OAI/2.0/ http://www.openarchives.org/OAI/2.0/OAI-PMH.xsd"><responseDate>2026-04-17T05:52:08Z</responseDate><request verb="GetRecord" identifier="oai:www.recercat.cat:2445/123804" metadataPrefix="marc">https://recercat.cat/oai/request</request><GetRecord><record><header><identifier>oai:recercat.cat:2445/123804</identifier><datestamp>2025-12-05T10:03:06Z</datestamp><setSpec>com_2072_1057</setSpec><setSpec>col_2072_478819</setSpec><setSpec>col_2072_478917</setSpec></header><metadata><record xmlns="http://www.loc.gov/MARC21/slim" xmlns:dcterms="http://purl.org/dc/terms/" xmlns:xsi="http://www.w3.org/2001/XMLSchema-instance" xmlns:doc="http://www.lyncode.com/xoai" xsi:schemaLocation="http://www.loc.gov/MARC21/slim http://www.loc.gov/standards/marcxml/schema/MARC21slim.xsd">
   <leader>00925njm 22002777a 4500</leader>
   <datafield ind2=" " ind1=" " tag="042">
      <subfield code="a">dc</subfield>
   </datafield>
   <datafield ind2=" " ind1=" " tag="720">
      <subfield code="a">Serna, Mercedes</subfield>
      <subfield code="e">author</subfield>
   </datafield>
   <datafield ind2=" " ind1=" " tag="260">
      <subfield code="c">2018-07-23T13:33:56Z</subfield>
   </datafield>
   <datafield ind2=" " ind1=" " tag="260">
      <subfield code="c">2018-07-23T13:33:56Z</subfield>
   </datafield>
   <datafield ind2=" " ind1=" " tag="260">
      <subfield code="c">2009</subfield>
   </datafield>
   <datafield ind2=" " ind1=" " tag="260">
      <subfield code="c">2018-07-23T13:33:56Z</subfield>
   </datafield>
   <datafield ind2=" " ind1=" " tag="520">
      <subfield code="a">Detenido como sospechoso de conspiración contra el gobierno español, José Martí es condenado, en 1869, a seis años de presidio en las canteras de San Lázaro, aunque gracias a la intervención de su padre será enviado, tras seis meses de trabajos forzados, a la isla de Pinos y de allí, en 1871, deportado a España. A su llegada, Martí tropezará con el reinado de Amadeo I de Saboya, y con la proclamación, poco después, de la I República, que había sido ofrecida al pueblo por los diputados afines, el 10 de febrero, con la idea de «salir triunfantes o con la proclamación de la República o muertos». Martí, esperanzado por las promesas de progreso del nuevo gobierno y recordando su colonizada patria, participó de la alegría del pueblo ondeando la bandera cubana. Cuenta Nicolás Heredia que al día siguiente, en el balcón de la modestísima posada de la calle Concepción, ondeó por primera vez en la capital de España una enseña imprevista: «el pueblo la miró con extrañeza, mas sin ira; pocos sabían en verdad, que se trataba de la bandera de Cuba libre».</subfield>
   </datafield>
   <datafield tag="653" ind2=" " ind1=" ">
      <subfield code="a">República Espanyola I, 1873-1874</subfield>
   </datafield>
   <datafield tag="653" ind2=" " ind1=" ">
      <subfield code="a">Neruda, Pablo, 1904-1973</subfield>
   </datafield>
   <datafield tag="653" ind2=" " ind1=" ">
      <subfield code="a">Martí, José, 1853-1895</subfield>
   </datafield>
   <datafield tag="653" ind2=" " ind1=" ">
      <subfield code="a">Spanish Republic I, 1873-1874</subfield>
   </datafield>
   <datafield ind2="0" ind1="0" tag="245">
      <subfield code="a">Martí y Neruda unidos por la República Española</subfield>
   </datafield>
</record></metadata></record></GetRecord></OAI-PMH>